000 00790nam a2200265 a 4500
001 631
003 BR-CuiBMT
005 20231110232841.0
008 231110s2010 spb 000 0 por d
020 _a8574209872
040 _aBR-CuiBMT
_cBR-CuiBMT
080 _22007
_a342.9
090 _a342.9
_bV172p
100 1 _aValim, Rafael
245 2 _aO princípio da segurança jurídica no direito administrativo brasileiro /
_cRafael Valim
260 _aSão Paulo :
_bMalheiros,
_c2010.
300 _a150 p.:
_c21cm
490 _aTemas de direito administrativo ;
_v23
504 _aInclui bibliografia
650 _aDireito administrativo
650 _aSegurança jurídica
650 _aDireito administrativo
830 _aTemas de direito administrativo ;
_v23
942 _2udc
_cLV
999 _c631
_d631